01422nam a2200361 a 4500001001200000003000800012006001900020007001500039008004100054010001700095020003900112020003600151040002100187035002100208043001200229050002200241082002200263100002100285245012600306260005600432300002300488504005100511533015200562650003700714650003500751651002600786651004000812655002900852700002100881710001700902856012600919999001501045ebr10282566CaPaEBRm u cr cn|||||||||080225s2008 msua sb 001 0ceng  z 2008006390 z9781934110904 (cloth : alk. paper) z1934110906 (cloth : alk. paper) aCaPaEBRcCaPaEBR a(OCoLC)503441538 an-us-la14aF368b.C69 2008eb04a976.3009/9aB2221 aCowan, Walter G.10aLouisiana governorsh[electronic resource] :brulers, rascals, and reformers /cWalter Greaves Cowan and Jack B. McGuire. aJackson :bUniversity Press of Mississippi,cc2008. axv, 305 p. :bill. aIncludes bibliographical references and index. aElectronic reproduction.bPalo Alto, Calif. :cebrary,d2013.nAvailable via World Wide Web.nAccess may be limited to ebrary affiliated libraries. 0aGovernorszLouisianavBiography. 0aGovernorszLouisianaxHistory. 0aLouisianavBiography. 0aLouisianaxPolitics and government. 7aElectronic books.2local1 aMcGuire, Jack B.2 aebrary, Inc.40uhttp://site.ebrary.com/lib/rucke/Doc?id=10282566zAn electronic book accessible through the World Wide Web; click to view c3522d3522